|
|
|
|
| LEADER |
00000nas a2200000 a 4500 |
| 001 |
ssj0000331224 |
| 003 |
WaSeSS |
| 005 |
20200512172242.0 |
| 006 |
m d |
| 007 |
cr n |
| 008 |
081121c20069999gw br p s 0 0eng c |
| 010 |
|
|
|a 2010267041
|
| 022 |
|
|
|a 2190-8214
|l 1862-2720
|
| 035 |
|
|
|a (WaSeSS)ssj0000331224
|
| 037 |
|
|
|a 22573/ctt83k1g2
|b JSTOR
|
| 040 |
|
|
|a FML
|b eng
|c FML
|d OCLCS
|d OCLCQ
|d UCO
|d DOS
|d OCLCQ
|d OCLCF
|d IUL
|d OCLCQ
|d TEF
|d AU@
|d OCL
|d WaSeSS
|
| 042 |
|
|
|a pcc
|
| 043 |
|
|
|a e------
|
| 050 |
|
4 |
|a K5
|b .U7175 online
|
| 082 |
0 |
4 |
|a 344.404/232
|2 23
|
| 245 |
0 |
0 |
|a European food and feed law review
|h [electronic resource].
|
| 246 |
3 |
|
|a EFFL
|
| 246 |
3 |
|
|a Eur. Food & Feed L. Rev
|
| 260 |
|
|
|a Berlin :
|b Lexxion
|
| 310 |
|
|
|a Bimonthly
|
| 362 |
1 |
|
|a Began with 2006/1.
|
| 506 |
|
|
|a License restrictions may limit access.
|
| 588 |
|
|
|a Description based on: 2006/1, title from issue table of contents screen (publisher Web site, viewed June 11, 2010).
|
| 588 |
|
|
|a Latest issue consulted: 2010/2 (viewed June 11, 2010).
|
| 588 |
|
|
|a Latest issue consulted: 2015/6 (JSTOR Web site, viewed April 4, 2017).
|
| 650 |
|
0 |
|a Food law and legislation
|z European Union countries
|v Periodicals.
|
| 650 |
|
0 |
|a Animal welfare
|x Law and legislation
|z European Union countries
|v Periodicals.
|
| 650 |
|
7 |
|a Animal welfare
|x Law and legislation.
|2 fast
|0 (OCoLC)fst00809440
|
| 650 |
|
7 |
|a Food law and legislation.
|2 fast
|0 (OCoLC)fst00930954
|
| 651 |
|
7 |
|a European Union countries.
|2 fast
|0 (OCoLC)fst01269470
|
| 655 |
|
0 |
|a Electronic journals.
|
| 776 |
0 |
8 |
|i Print version:
|t European food and feed law review
|x 1862-2720
|w (OCoLC)500474104
|
| 856 |
4 |
0 |
|z Full text available from Research Library: 01/01/2010 to 1 year ago
|u https://search.proquest.com/publication/136209
|